Statistics for Top 10 Cigarette Producing Countries

Click here to take the quiz!

General Stats

  • This quiz has been taken 85 times
  • The average score is 7 of 10

Answer Stats

RankAmount (Billion)Country% Correct
3338.25United States of America
100%
12.356.27China
96%
2402.70Russia
91%
6158.50Japan
84%
5180.50Indonesia
77%
4225.00Germany
74%
9116.50Vietnam
62%
8124.63South Korea
60%
7142.86Poland
53%
10115.30Netherlands
27%

Score Distribution

Percentile by Number Answered

Percent of People with Each Score

Your Score History

You have not taken this quiz